[Event "Oruro Baptista Memorial"]
[Site "Oruro"]
[Date "2023.11.03"]
[Round "6"]
[White "Ricaldez Martinez, Rodrigo"]
[Black "Arias, Pablo"]
[Result "0-1"]
[WhiteElo "1239"]
[BlackElo "2033"]
[PlyCount "47"]
[EventDate "2023.11.01"]
[EventType "swiss"]
[EventRounds "9"]
[EventCountry "BOL"]
[SourceTitle "CBM 217 Extra"]
[Source "ChessBase"]
[SourceDate "2024.01.31"]
[SourceVersion "1"]
[SourceVersionDate "2024.01.31"]
[SourceQuality "1"]

1. e4 c5 2. Nf3 e6 3. c4 a6 4. Nc3 Qc7 5. Be2 Be7 6. 0-0 d6 7. d4 cxd4 8. Nxd4 Nf6 9. Be3 Nbd7 10. Qc2 0-0 11. Rab1 b6 12. f3 Bb7 13. b4 Rac8 14. Rfc1 Rfe8 15. Nb3 Qb8 16. Qd2 Bd8 17. Rc2 Bc7 18. h3 Rcd8 19. Bf4 Nf8 20. Rbc1 h6 21. Qe3 Ba8 22. Bd3 b5 23. c5 e5 24. Bg3 0-1